000 00666nam a2200277Ia 4500
005 20260324143958.0
008 008 260324s9999 xx 000 0 eng d
020 _a9781315289212
037 _aEBOOK
040 _aCRL
040 _beng
040 _cCRL
041 _2eng
041 _aeng
084 _qCRL
100 _aJoseph J. Minarik
_91217624
245 0 _aMaking America's Budget Policy from the 1980's to the 1990's
260 _bTaylor and Francis
260 _c1990
365 _a
365 _b230
856 _uhttp://www.taylorfrancis.com/books/9781315289212
942 _cEBOOK
999 _c1823686
_d1823686